000
00186 a2200097 4500
001
18659
100
_a
245
_a
Faseel-e-lab
260
_a
_b
Awan Urdu
_c
1974
090
_c
13883
_d
13883
942
_a
NUST-CAE
_c
_c
4317
999
_c
253732
_d
253732